Domicilio conocido

Wedi'i Gadw mewn:
Manylion Llyfryddiaeth
Prif Awdur: Monroe Rammsy, Patricia (autora)
Fformat: Llyfr
Iaith:Sbaeneg
Cyhoeddwyd: Viña del Mar s.n 2003
Rhifyn:1a. ed
Pynciau:
Tagiau: Ychwanegu Tag
Dim Tagiau, Byddwch y cyntaf i dagio'r cofnod hwn!

MARC

LEADER 00000nam a2200000 a 4500
001 UCH6193
003 CL-VaPUC
008 091109e20030000cl |||||||||||||||||spa|d
020 |a 9562916618 
082 0 4 |a Ch861  |b MON  |2 21 
100 |a Monroe Rammsy, Patricia  |e autora  |9 595013 
245 1 0 |a Domicilio conocido 
250 |a 1a. ed 
300 |a 159 p 
942 |c BK 
945 |d 20091109 00:00:00  |a lazolas 
260 |a Viña del Mar  |b s.n  |c 2003 
650 0 |a Poesías chilenas   |9 265280 
650 0 |a Literatura chilena   |9 308278 
583 |a last modification  |c 20180110 11:30:15  |k Rodrigo Vera 
999 |c 337132  |d 337130